| 000 | 00820nam a22002177a 4500 | ||
|---|---|---|---|
| 999 |
_c14203 _d14203 |
||
| 003 | MIRAKIL | ||
| 005 | 20201113164328.0 | ||
| 008 | 201113b tu ||||| |||| 00| 0 tur d | ||
| 035 | _a13682 | ||
| 040 |
_aTR-AnCHP _btur _cTR-AnCHP |
||
| 082 |
_aATA 923.156 _bA72 1984 |
||
| 245 |
_aAtatürkçülük: _b(Birinci kitap) _bAtatürk'ün görüş ve direktifleri/ _cGenel Kurmay Başkanlığı. |
||
| 246 | _aAtatürk'ün görüş ve direktifleri | ||
| 260 |
_aİstanbul: _bMilli Eğitim Basımevi, _c1984. |
||
| 300 |
_aiv, 734 s.: _c24 sm. |
||
| 650 |
_aAtatürk, Mustafa Kemal _xAtatürk devrimleri |
||
| 650 |
_aAtatürk, Mustafa Kemal _xDemokrasi |
||
| 650 |
_aAtatürk, Mustafa Kemal _xEkonomik yaşam |
||
| 856 | _zDijital Nüshası için Partimizin Kütüphane Sorumlusu ile iletişime geçiniz. | ||
| 942 |
_cBKS _2ddc |
||